| 000 | 00540nam a2200181 a 4500 | ||
|---|---|---|---|
| 001 | 000036465 | ||
| 005 | 20200930075739.0 | ||
| 008 | 120118s2008 mx a 000 0 spa d | ||
| 020 | _a9789684112049 | ||
| 040 |
_aDO-SdBNP _bspa _cBNPHU |
||
| 082 |
_axxxx _bxxxx |
||
| 100 | 1 |
_aLezama Lima, José _92506 |
|
| 245 | 1 | 0 |
_aParadiso / _cJosé Lezama Lima ; ilustraciones René Portocarrero. |
| 250 | _a15a ed. | ||
| 260 |
_aMéxico, : _bBiblioteca Era, _c2008. |
||
| 300 |
_a499 p. : _bil. ; _c20 cm. |
||
| 700 | 1 |
_aPortocarrero, René, _eil. _962684 |
|
| 999 |
_c35956 _d35956 |
||